Marunna vidhyabhyasam (Record no. 156290)

MARC details
000 -LEADER
fixed length control field 00467nam a22001817a 4500
003 - CONTROL NUMBER IDENTIFIER
control field OSt
020 ## - INTERNATIONAL STANDARD BOOK NUMBER
International Standard Book Number 9789383756629
082 ## - DEWEY DECIMAL CLASSIFICATION NUMBER
Classification number 814
Item number ABD/MA
100 ## - MAIN ENTRY--PERSONAL NAME
Personal name Abdul Hakkim, A K
245 ## - TITLE STATEMENT
Title Marunna vidhyabhyasam
Remainder of title /മാറുന്ന വിദ്യാഭ്യാസം
250 ## - EDITION STATEMENT
Edition statement 2
260 ## - PUBLICATION, DISTRIBUTION, ETC. (IMPRINT)
Place of publication, distribution, etc Kozhikode
Name of publisher, distributor, etc Olive Publications
Date of publication, distribution, etc 2014
300 ## - PHYSICAL DESCRIPTION
Extent 201p.
500 ## - GENERAL NOTE
General note Maarunna vidyabhyasam
546 ## - LANGUAGE
Language note Malayalam
650 ## - SUBJECT ADDED ENTRY--TOPICAL TERM
Topical term or geographic name as entry element Essays
942 ## - ADDED ENTRY ELEMENTS (KOHA)
Source of classification or shelving scheme Dewey Decimal Classification
Koha item type Books (General)
Holdings
Lost status Source of classification or shelving scheme Damaged status Not for loan Collection code Home library Current library Shelving location Date acquired Cost, normal purchase price Total Checkouts Full call number Barcode Date last seen Date last borrowed Koha item type
  Dewey Decimal Classification     General KAU Central Library, Thrissur KAU Central Library, Thrissur General 12/07/2017 170.00 1 814 ABD/MA 225663 09/04/2018 23/03/2018 Books (General)
Kerala Agricultural University Central Library
Thrissur-(Dt.), Kerala Pin:- 680656, India
Ph : (+91)(487) 2372219
E-mail: librarian@kau.in
Website: http://library.kau.in/